Guess the Taylor Swift song with no hint 103 - Statistics

General Stats
  • This quiz has been taken 959 times
  • The average score is 218 of 299
Answer Stats
Answer % Correct
I
100%
I-I
100%
I-I-I
100%
a
94%
the
92%
we
92%
You
92%
you
92%
and
89%
And
89%
can
87%
be
86%
know
86%
it
85%
It
85%
me
84%
my
84%
My
84%
they
83%
They
83%
to
83%
in
81%
In
81%
your
81%
are
80%
love
80%
on
79%
when
77%
It's
75%
it's
75%
places
75%
us
75%
so
74%
Baby
73%
we're
73%
won't
73%
'Cause
72%
don't
72%
ever
72%
for
70%
hear
70%
down
69%
run
69%
found
67%
hide
67%
Just
67%
of
67%
this
67%
foxes
66%
hand
66%
hunters
66%
They'll
66%
with
66%
by
64%
See
64%
all
63%
as
63%
what
63%
time
62%
but
61%
Not
61%
them
61%
out
60%
their
60%
could
59%
got
59%
say
59%
trying
59%
track
58%
chasing
57%
drop
56%
always
53%
grab
52%
stand
51%
want
51%
bad
50%
night
50%
here
49%
take
49%
guns
47%
tails
47%
waistline
47%
dark
46%
pass
46%
Something
46%
damn
44%
Love's
44%
sign
44%
we'll
44%
whisper
44%
burn
43%
cages
43%
everybody
43%
eyes
43%
boxes
42%
finds
42%
sight
41%
happens
40%
Let
40%
little
40%
plain
39%
fragile
38%
flame
37%
circling
36%
dead
36%
fences
36%
clouds
35%
green
34%
ships
34%
vultures
34%
bulletproof
33%
Lights
33%
shots
31%
sink
31%
lips
29%
Loose
29%
flash
27%
scene
27%
No matching quizzes found
Score Distribution
Percent of People with Each Score
Percentile by Number Answered
Your Score History
You have not taken this quiz